Statistics for NBA 50-Point Game by Team

Click here to take the quiz!

General Stats

  • This quiz has been taken 450 times
    (292 since last reset)
  • The average score is 28 of 30

Answer Stats

TeamPlayersOthers% Correct
BucksKareem Abdul-Jabbar | Giannis Antetokounmpo | Michael Redd | + 3 othersBrandon Jennings, Khris Middleton, Jrue Holiday
100%
CelticsLarry Bird | Sam Jones | Kevin McHale | + 4 othersPaul Pierce, Isaiah Thomas, Jayson Tatum, Jaylen Brown
100%
CavaliersLeBron James | Kyrie Irving | Donovan Mitchell | +2 othersDarius Garland, Walt Wesley
100%
BullsMichael Jordan | Jimmy Butler | Zach LaVine | + 3 othersChet Walker, Jamal Crawford, DeMar DeRozan
100%
76ersWilt Chamberlain | Allen Iverson | Hal Greer | + 5 othersDana Barros, Willie Burton, Moses Malone, Dolph Schayes, Joel Embiid, Tyrese Maxey
100%
HawksDominique Wilkins | Bob Pettit | Pete Maravich | + 5 othersShareef Abdur-Rahim, John Drew, Cliff Hagan, Lou Hudson, Trae Young
97%
HeatDwyane Wade | LeBron James | Alonzo Mourning | + 1 otherGlen Rice
97%
NuggetsCarmelo Anthony | Alex English | Kiki Vandeweghe | + 4 othersMahmoud Abdul-Rauf, Michael Adams, Allen Iverson, David Thompson, Nikola Jokić, Jamal Murray
96%
MavericksDirk Nowitzki | Luka Dončić | Jim Jackson | + 1 otherJamal Mashburn
96%
LakersKobe Bryant | Elgin Baylor | Jerry West | + 8 othersGeorge Mikan, Wilt Chamberlain, Shaquille O'Neal, Cedric Ceballos, Anthony Davis, Gail Goodrich, LeBron James, Rudy LaRusso
96%
KnicksBernard King | Richie Guerin | Patrick Ewing | + 6 othersCarmelo Anthony, Allan Houston, Jamal Crawford, Willis Reed, Julius Randle, Jalen Brunson
95%
RocketsJames Harden | Elvin Hayes | Hakeem Olajuwon | +5 othersMoses Malone, Eric Gordon, Vernon Maxwell, Calvin Murphy, Kevin Porter Jr.
95%
SpursGeorge Gervin | David Robinson | Tim Duncan | + 4 othersLaMarcus Aldridge, Terry Cummings, Larry Kenon, Tony Parker
94%
MagicTracy McGrady | Shaquille O'Neal | Nick Anderson
94%
Trail BlazersDamian Lillard | Geoff Petrie | Clyde Drexler | + 4 othersCJ McCollum, Andre Miller, Brandon Roy, Damon Stoudamire
93%
GrizzliesJa Morant
93%
NetsKyrie Irving | Vince Carter | Kevin Durant | + 5 othersMike Newlin, Deron Williams, Ray Williams, John Williamson, Caris LeVert, Stephon Marbury
93%
SuperSonics / ThunderRussell Westbrook | Kevin Durant | Ray Allen | + 4 othersFred Brown, Dale Ellis, Spencer Haywood, Rashard Lewis
93%
RaptorsVince Carter | DeMar DeRozan | Fred VanVleet | +2 othersTerrence Ross, Pascal Siakam
93%
WarriorsWilt Chamberlain | Rick Barry | Stephen Curry | + 11 othersKlay Thompson, Kevin Durant, Antawn Jamison, Purvis Short, Phil Smith, Joe Barry Carroll, Jamal Crawford, Joe Fulks, Neil Johnston, Bernard King, D'Angelo Russell
93%
JazzAdrian Dantley | Karl Malone | Pete Maravich | + 1 otherTruck Robinson
92%
TimberwolvesKarl-Anthony Towns | Kevin Love | Derrick Rose | + 2 othersCorey Brewer, Mo Williams
92%
PelicansAnthony Davis | Jamal Mashburn
91%
SunsDevin Booker | Tom Chambers | Amar'e Stoudemire | + 3 othersJamal Crawford, Tony Delk, Clifford Robinson
91%
WizardsGilbert Arenas | Bernard King | Earl Monroe | + 6 othersBradley Beal, Phil Chenier, Michael Jordan, Moses Malone, Tracy Murray, John Wall
91%
KingsNate Archibald | Oscar Robertson | Jack Twyman | + 3 othersDeMarcus Cousins, Kevin Martin, Chris Webber
90%
PacersReggie Miller | Jermaine O'Neal | Billy Knight
89%
HornetsKemba Walker
83%
ClippersBob McAdoo | Lou Williams | Charles Smith | + 1 otherFreeman Williams
72%
PistonsGeorge Yardley | Dave Bing | Blake Griffin | + 4 othersRichard Hamilton, Jerry Stackhouse, Kelly Tripucka, Saddiq Bey
70%

Score Distribution

Percentile by Number Answered

Percent of People with Each Score

Your Score History

You have not taken this quiz since the last reset